<?xml version="1.0" encoding="UTF-8"?>
<collection xmlns:xsi="http://www.w3.org/2001/XMLSchema-instance" xsi:schemaLocation="http://www.loc.gov/MARC21/slim http://www.loc.gov/standards/marcxml/schema/MARC21slim.xsd" xmlns="http://www.loc.gov/MARC21/slim">
 <record>
  <leader>00000nam a22000004a 4500</leader>
  <controlfield tag="001">UP-1685675941131436511</controlfield>
  <controlfield tag="003">Buklod</controlfield>
  <controlfield tag="005">20240206162655.0</controlfield>
  <controlfield tag="006">m     o  j        </controlfield>
  <controlfield tag="007">ta</controlfield>
  <controlfield tag="008">231006s2019    xx      r    |||| u|    d</controlfield>
  <datafield tag="020" ind1=" " ind2=" ">
   <subfield code="a">9780857087737</subfield>
  </datafield>
  <datafield tag="040" ind1="0" ind2=" ">
   <subfield code="a">UW</subfield>
   <subfield code="d">DLS</subfield>
   <subfield code="e">rda</subfield>
  </datafield>
  <datafield tag="041" ind1="0" ind2=" ">
   <subfield code="a">eng</subfield>
  </datafield>
  <datafield tag="090" ind1="0" ind2="0">
   <subfield code="a">PN 4129.15</subfield>
   <subfield code="b">R56 2019 </subfield>
  </datafield>
  <datafield tag="100" ind1="0" ind2=" ">
   <subfield code="a">Rhodes, Mark,</subfield>
   <subfield code="e">author</subfield>
  </datafield>
  <datafield tag="245" ind1="1" ind2="0">
   <subfield code="a">How to present to absolutely anyone :</subfield>
   <subfield code="b">confident public speaking and presenting in every situation </subfield>
   <subfield code="c">Mark Rhodes.</subfield>
  </datafield>
  <datafield tag="264" ind1=" " ind2="1">
   <subfield code="c">2019</subfield>
   <subfield code="a">Chichester, West Sussex :</subfield>
   <subfield code="b">Capstone a Wiley brand</subfield>
  </datafield>
  <datafield tag="300" ind1=" " ind2=" ">
   <subfield code="a">xi, 209 pages ;</subfield>
   <subfield code="c">22 cm</subfield>
  </datafield>
  <datafield tag="336" ind1=" " ind2=" ">
   <subfield code="a">text</subfield>
   <subfield code="2">rdacontent</subfield>
  </datafield>
  <datafield tag="337" ind1=" " ind2=" ">
   <subfield code="a">unmediated</subfield>
   <subfield code="2">rdamedia</subfield>
  </datafield>
  <datafield tag="338" ind1=" " ind2=" ">
   <subfield code="a">volume</subfield>
   <subfield code="2">rdacarrier</subfield>
  </datafield>
  <datafield tag="500" ind1=" " ind2=" ">
   <subfield code="a">Includes index. </subfield>
  </datafield>
  <datafield tag="505" ind1="0" ind2="0">
   <subfield code="a">How to deliver presentations without fear, that you and your audience will love and you'll enjoy doing -- My change : from extreme public speaking fear to total confidence -- Getting your mindset right : building confidence and reducing fear -- Building the motivation, enthusiasm and desire -- Being yourself and dealing with mistakes -- The &quot;in motion&quot; start -- Creating great content -- Dealing with objections -- Getting the audience to take action -- Dealing with audience questions including difficult questions -- How to prepare -- Delivering on the day -- Final thoughts : what will being better at presentations mean to you? &#13;
</subfield>
  </datafield>
  <datafield tag="520" ind1="0" ind2=" ">
   <subfield code="a">How to Present to Absolutely Anyone is the ultimate guide to successful public speaking. Presentations, talks, and speeches are unavoidable in school, work and even social occasions - but fear of public speaking is statistically more common than fear of death. Author Mark Rhodes once pretended he had crashed his car to avoid doing a presentation! Permanent avoidance will eventually hold you back, but mastering the art of the successful presentation can take you to new heights! This book shows you how Mark eventually learned to love public speaking: by setting himself up for a self-sustaining cycle of presentation success. &#13;
</subfield>
  </datafield>
  <datafield tag="650" ind1="0" ind2="0">
   <subfield code="a">Public speaking.</subfield>
  </datafield>
  <datafield tag="650" ind1="0" ind2="0">
   <subfield code="a">Business presentations.</subfield>
  </datafield>
  <datafield tag="905" ind1=" " ind2=" ">
   <subfield code="a">FO</subfield>
  </datafield>
  <datafield tag="852" ind1="0" ind2=" ">
   <subfield code="a">UPD</subfield>
   <subfield code="b">DLS</subfield>
   <subfield code="h">PN 4129.15</subfield>
   <subfield code="i">R56 2019</subfield>
  </datafield>
  <datafield tag="942" ind1=" " ind2=" ">
   <subfield code="a">Book</subfield>
  </datafield>
 </record>
</collection>
